000 00290nam a22001097a 4500
008 170116b xxu||||| |||| 00| 0 eng d
020 _a9780323075831
041 _aeng
080 _26TH
_a618.2
245 _aMOSBY'S TEXTBOOK FOR LONG-TERM CARE NURSING ASSISTANTS
_cSORRENTINO
942 _2udc
_cBK
999 _c2974
_d2974